00699nam a2200241 45000010005000000030008000050050017000130080039000300200034000690350018001030400023001210410008001440820022001521000018001742450059001922600057002513000023003083500011003314900027003425040030003695260014003996500044004135170BD-RjUL20211208234024.0131224s1973 enk b 000 0 eng a0710075367a0710075375 (pbk.) a(BD-RjUL)5206 aDLCcDLCdDLCbeng aeng00a361.942bSEE 19731 aSeed, Philip.14aThe expansion of social work in Britain /cPhilip Seed aLondon :aBoston :bRoutledge and Kegan Paul,c1973. axi, 116 p.c20 cm. a£1.800 aLibrary of social work aBibliography: p. 113-116. bSociology 0aSocial servicezGreat BritainxHistory.